000 00625nam a22001697a 4500
003 NUST
038 _aNusrat Nadeem
082 _a200
100 _aMansoor, Muhammad
_919523
245 _aFabrication of Al-CNTs MMC by induction melting with improved dispersion and wetting of CNTs in Al matrix using a multifunctional flux/
_cMuhammad Mansoor
264 _aIslamabad;
_bSCME NUST;
_c2015;
300 _a171,p;
_bill;
_c30,cm.
650 _aPhD-Materials Engineering
_9123162
700 _aSupervisor:Prof. Dr. Mohammad Shahid
_9123476
856 _u http://10.250.8.41:8080/xmlui/handle/123456789/20478
942 _2ddc
_cTHE
999 _c609656
_d609656